• 首页
  • 本馆介绍
  • 公告通知
  • 最新文献
  • 馆藏检索
  • 电子资源
  • 读者导购
  • 参考咨询
  • 我的图书馆
  • 登录
  • 详细信息显示
  • 放入我的书架
  • 预约/预借图书
  • 作者相关作品
  • 分类相关作品
  • 丛书相关作品
  • 出版社相关作品

书目信息

  • 表格格式
  • 工作单格式
  • 卡片格式
题名:
多媒体应用基础
    
 
作者: 朱文胜 , 付先平 , 刘甘娜 编
分册:  
出版信息: 北京   高等教育出版社  2000
页数: 278页
开本: 23cm
丛书名:
单 册:
中图分类: TP37
科图分类:
主题词: 多媒体--技术--教材 , 计算技术 , 电子计算机
电子资源:
ISBN: 7-04-007924-0
000 00780cam 2200028945
001 0655403734
005 20060929152421.98
010    @a7-04-007924-0@dCNY22.70
100    @a20001031d2000 emky0chiy0121 eb
101 0  @achi
102    @aCN@b110000
105    @ay z 000yy
106    @ar
200 10 @a多媒体应用基础@Aduo mei ti ying yong ji chu@f刘甘娜等编
205    @a2版
210    @a北京@c高等教育出版社@d2000
215    @a278页@d23cm@e附光盘1张12cm
300    @a面向21世纪课程教材
606    @a多媒体@x技术@x教材
606 0  @a计算技术
606 0  @a电子计算机
690    @aTP37@v3
701  0 @a朱文胜@4编@Azhu wen sheng
701  0 @a付先平@4编@Afu xian ping
701  0 @a刘甘娜@4编@Aliu gan na
801 0  @c20060929
905    @a10447@dTP37@e11=2
    
    多媒体应用基础/刘甘娜等编 .-2版 .-北京:高等教育出版社,2000
    278页;23cm+附光盘1张12cm
    面向21世纪课程教材
    
    ISBN 7-04-007924-0:CNY22.70
    
●
相关链接 在E读中查询图书 在五车中查询图书 在当当中查询图书 在豆瓣中查询图书


正题名:多媒体应用基础     索取号:TP37/11=2         预约/预借

序号 登录号 条形码 馆藏地/架位号 状态 备注
1 0484009   204840093   密集书库/ [索取号:TP37/11=2] 在馆    
唐山师范学院图书馆 欢迎您!
大连网信软件有限公司© 版权所有